• 首页
  • 本馆介绍
  • 公告通知
  • 最新文献
  • 馆藏检索
  • 电子资源
  • 读者导购
  • 参考咨询
  • 我的图书馆
  • 登录
  • 详细信息显示
  • 放入我的书架
  • 预约/预借图书
  • 作者相关作品
  • 分类相关作品
  • 丛书相关作品
  • 出版社相关作品

书目信息

  • 表格格式
  • 工作单格式
  • 卡片格式
题名:
论三个反劫机公约
    
 
作者: 赵维田 著
分册:  
出版信息: 北京   群众出版社  1985
页数: 458页
开本: 19cm
丛书名:
单 册:
中图分类: D990
科图分类:
主题词: 反劫机公约--研究 , 国际法
电子资源:
ISBN:
000 00651nam0 2200253 45
001 0185001516
005 20040422090935.5
010    @dCNY2.00
091    @a3067.195
100    @a19900823d1985 kemy0chiy0121 ea
101 0  @achi
102    @aCN@b110000
105    @ay zs 000yy
106    @ar
200 10 @a论三个反劫机公约@Alun san ge fan jie ji gong yue@f赵维田著
210    @a北京@c群众出版社@d1985
215    @a458页@d19cm
606    @a反劫机公约@x研究
606 0  @a国际法
690    @aD990
701  0 @a赵维田@Azhao wei tian@4著
801  0 @aCN@b深圳图书馆@c20040422
801  2 @aCN@bNLC@c20040422
905    @f2@b173824-825@dD990@e25
    
    论三个反劫机公约/赵维田著.-北京:群众出版社,1985
    458页;19cm
    
    
    ISBN :CNY2.00
    
●
相关链接 在E读中查询图书 在五车中查询图书 在当当中查询图书 在豆瓣中查询图书


正题名:论三个反劫机公约     索取号:D990/25         预约/预借

序号 登录号 条形码 馆藏地/架位号 状态 备注
1 0173824   001258837   密集书库/ [索取号:D990/25] 在馆    
2 0173825   001258793   密集书库/ [索取号:D990/25] 在馆    
3 0173826   001258800   第一样本阅览室/ [索取号:D990/25] 在馆    
唐山师范学院图书馆 欢迎您!
大连网信软件有限公司© 版权所有